Oeuvres complétes de Voltaire. (Record no. 133749)

MARC details
000 -LEADER
campo de control de longitud fija 00755nam a2200229 i 4500
001 - NÚMERO DE CONTROL
campo de control 133749
003 - IDENTIFICADOR DE NÚMERO DE CONTROL
campo de control ES-MaACL
005 - FECHA Y HORA DE LA ÚLTIMA TRANSACCIÓN
campo de control 20250804062646.0
007 - CAMPO FIJO DE DESCRIPCIÓN FÍSICA--INFORMACIÓN GENERAL
campo de control de longitud fija t|
008 - DATOS DE LONGITUD FIJA--INFORMACIÓN GENERAL
campo de control de longitud fija 070828s1869 fr ||||1| fre d
040 ## - FUENTE DE CATALOGACIÓN
Centro/agencia transcriptor ES-MaACL
100 0# - ENTRADA PRINCIPAL--NOMBRE DE PERSONA
Nombre de persona Voltaire,
Fechas asociadas al nombre 1694-1778
Término indicativo de función/relación Autor
9 (RLIN) 115721
245 10 - MENCIÓN DEL TÍTULO
Título Oeuvres complétes de Voltaire.
Número de parte o sección de la obra Tome vingtième :
Resto del título Romans
246 1# - FORMA VARIANTE DEL TITULO
Título propio/Titulo breve Romans
260 ## - PUBLICACIÓN, DISTRIBUCIÓN, ETC.
Lugar de publicación, distribución, etc. Paris :
Nombre del editor, distribuidor, etc. Hachette et Cie.,
Fecha de publicación, distribución, etc. 1869.
300 ## - DESCRIPCIÓN FÍSICA
Extensión 430 páginas ;
Dimensiones 18 cm.
655 #0 - TERMINO DE INDIZACIÓN--GENERO/FORMA
Datos o término principal de género/forma Novelas
9 (RLIN) 234319
852 ## - LOCALIZACIÓN
Ubicación ES-MaACL
Ubicación en estantería Sala Pecera Planta 3
Anotaciones manuscritas Dedicatoria autógrafa de Manuel de la Revilla al Ateneo de Madrid
Donativo/Legado Donativo de Manuel de la Revilla
Número de control de estantería G-9244
Encuadernación Holandesa
942 ## - ELEMENTOS DE ENTRADA SECUNDARIOS (KOHA)
Tipo de ítem Koha Libro impreso antiguo
Suprimir en OPAC No
Holdings
Estatus retirado Estado de pérdida Fuente del sistema de clasificación o colocación Estado de daño No para préstamo Colección Biblioteca de origen Biblioteca actual Ubicación en estantería Fecha de adquisición Fuente de adquisición Total de préstamos Signatura topográfica completa Código de barras Visto por última vez Tipo de ítem Koha Nota pública
    Clasificación decimal universal     Libros del s. XIX Biblioteca del Ateneo de Madrid Biblioteca del Ateneo de Madrid Sala Pecera Planta 3 17/01/2008 Donación   G-9244 1139231 23/02/2023 Libro impreso antiguo Dedicatoria autógrafa de Manuel de la Revilla